Christian Minister in India (Record no. 416)

MARC details
000 -LEADER
fixed length control field 00587nam a2200241 a 4500
020 ## - INTERNATIONAL STANDARD BOOK NUMBER
ISBN
082 00 - DEWEY DECIMAL CLASSIFICATION NUMBER
Classification number 207.11
Author Cutter RAN
100 ## - MAIN ENTRY--AUTHOR NAME
Author name Ranson, C W
245 ## - TITLE STATEMENT
Title Christian Minister in India
260 ## - PUBLICATION, DISTRIBUTION, ETC. (IMPRINT)
Place of publication Madras
Name of publisher Christian Literature Society
Year of publication 1945
300 ## - PHYSICAL DESCRIPTION
Number of Pages 289p
500 ## - GENERAL NOTE
General note includes index and biblioraphy
505 2# - FORMATTED CONTENTS NOTE
Formatted contents note Index
650 ## - SUBJECT ADDED ENTRY--TOPICAL TERM
Topical Term Theological-Seminaries-india
942 ## - ADDED ENTRY ELEMENTS (KOHA)
Koha item type Books
700 1# -
-- Ranson, C W
Holdings
Home library Current library Date acquired Cost, normal purchase price Full call number Accession Number Koha item type
Henry Martyn Institute Library Henry Martyn Institute Library   100.00 207.11 RAN 1335 Archive Book
Henry Martyn Institute Library Henry Martyn Institute Library   100.00 207.11 RAN 016504 E-Books
                   Copyright © 2026 | Henry Martyn Institute | Hyderabad | TS-500052 | INDIA | Implemented by hmi.edu.in
Hit-Count:

Powered by Koha